England's improvement reviv'd (Record no. 113402)

MARC details
000 -LEADER
fixed length control field 01587cam a22001815a 4500
001 - CONTROL NUMBER
control field L155215
008 - FIXED-LENGTH DATA ELEMENTS--GENERAL INFORMATION
fixed length control field 120312s1673 xxk f 000 0 eng d
035 ## - SYSTEM CONTROL NUMBER
System control number (Sirsi) u155215
041 0# - LANGUAGE CODE
Language code of text/sound track or separate title eng
100 1# - MAIN ENTRY--PERSONAL NAME
Personal name Smith, John
Dates associated with a name fl. 1633-1673
245 00 - TITLE STATEMENT
Title England's improvement reviv'd
Remainder of title in a treatise of all manner of husbandry & trade by land and sea. Plainly discovering the several ways of improveing all sorts of waste and barren grounds, and enriching all earths; with the natural quality of all lands, and the several seeds and plants which most naturally thrive therein. Together with the manner of planting all sorts of timber-trees, and under-woods, with two several chains to plaint seeds or sets by; with several directions to make walks, groves, orchards, gardens, planting of hops and good fences; with the vertue o trees, plants, and herbs, and their physical use; with an alphabet of all herbs growing in the kitchin, and physick-gardens; and physical directions. Also, the way of ordering cattel, with several observations about sheep, and choice of cows for the dairy, ... with many other remarks never before extant. Experienced in thirty years practise, and digested into six books, by John Smith, gent. Published for the common good
260 ## - PUBLICATION, DISTRIBUTION, ETC.
Place of publication, distribution, etc. London
Name of publisher, distributor, etc. printed by Tho. Newcomb, for Benjamin Southwood, at the Star next to Sergeants-Inn in Chancery-lane; and Israel Harrison near Lincolns-Inn
Date of publication, distribution, etc. 1673
300 ## - PHYSICAL DESCRIPTION
Extent [14], 270 p.
Dimensions 4o
583 ## - ACTION NOTE
Action Condition reviewed
Time/date of action 20120620
Status condition level 1
651 #4 - SUBJECT ADDED ENTRY--GEOGRAPHIC NAME
Geographic name Great Britain
Chronological subdivision 1707-
690 ## - LOCAL SUBJECT ADDED ENTRY--TOPICAL TERM (OCLC, RLIN)
Topical term or geographic name as entry element Rural
9 (RLIN) 6268
942 ## - ADDED ENTRY ELEMENTS (KOHA)
Suppress in OPAC 0
Holdings
Withdrawn status Lost status Damaged status Not for loan Home library Current library Shelving location Date acquired Total Checkouts Full call number Barcode Date last seen Copy number Price effective from Koha item type
        Historic collection Historic collection Historic collection 12/03/2012   HUSBANDRY OCTAVO 1673 SMITH 30077624 27/08/2025 1 06/08/2019 Book